| 000 | 00804nam a22002537a 4500 | ||
|---|---|---|---|
| 003 | UA-OsUOA | ||
| 001 | 46488 | ||
| 007 | ta | ||
| 008 | 20120223b un ||||| |||| 00| 0 ukr d | ||
| 100 | _aКолісниченко Ю. | ||
| 700 | _aПлачинда С. | ||
| 090 |
_a82-32 _bК60 |
||
| 942 | _cBK | ||
| 040 |
_aUA-OsUOA _bukr _cUA-OsUOA _dUA-OsUOA |
||
| 245 | _aНеопалима купина. Максим Березовський. Артем Ведель | ||
| 300 | _a95 с. | ||
| 955 | _a3 | ||
| 041 | _aukr | ||
| 080 | _a82-32 | ||
| 260 |
_aВінніпег _bТризуб _c1971 |
||
| 650 | 7 |
_a82 Література. Літературознавство _2UDC |
|
| 999 |
_c426593 _d426593 |
||